| 000 | 00724nam a2200217 4500 | ||
|---|---|---|---|
| 001 | 111699 | ||
| 003 | ES-MaACL | ||
| 005 | 20250815015905.0 | ||
| 007 | t| | ||
| 008 | 061121s1985 sp r ||||1| spa d | ||
| 020 | _a84-344-6551-5 | ||
| 245 | 0 | 0 |
_aOrganización social del espacio en la España medieval _b: la Corona de Castilla en los siglos VIII a XV / _cJ. A. García de Cortázar [et. al.]. |
| 250 | _a1ª. ed. | ||
| 260 |
_aBarcelona : _bAriel, _c1985. |
||
| 300 |
_a248 p. ; _c21 cm. |
||
| 490 | 1 | _aAriel historia | |
| 700 | 1 |
_aGarcía de Cortázar y Ruiz de Aguirre, José Ángel. _954415 |
|
| 830 | 0 | 0 |
_aAriel historia _9177690 |
| 852 |
_aES-MaACL _jL-9420 _bR.110643 |
||
| 999 |
_c111699 _d111699 |
||